| 000 | 00458nam a22001697a 4500 | ||
|---|---|---|---|
| 020 | _a9788119443802 | ||
| 082 |
_aM 306.349 _bJOS/K |
||
| 245 |
_aKarshikasamskruthiyum malayalasahithyavum/ _cby Jose K. Manuel (ed.) |
||
| 250 | _a2nd ed. | ||
| 260 |
_aKozhikode: _bPavanatma Publishers, _c2024. |
||
| 300 | _a287p. | ||
| 650 | _aAgricultural Sociology | ||
| 650 | _aCulture | ||
| 650 | _aSocial Sciences | ||
| 700 | _aJose K. Manuel (ed.) | ||
| 942 | _cBK | ||
| 999 |
_c181995 _d181995 |
||